| 000 | 00558cam a22002171a 4500 | ||
|---|---|---|---|
| 001 | sa 68008243 | ||
| 003 | DLC | ||
| 005 | 20260227112530.0 | ||
| 008 | 950420s1966 io 000 1 ind | ||
| 010 | _asa 68008243 | ||
| 025 | _aPL480:Indo-5604 | ||
| 035 | _a(OCoLC)32341742 | ||
| 040 |
_aDLC _cWU _dDLC |
||
| 042 | _apremarc | ||
| 050 | 0 | 0 |
_aPL5089.W464 _bD5 |
| 100 | 1 | _aWidajat, Widi. | |
| 245 | 1 | 0 |
_aDjumbuhing rasa asih / _cgambar Jono S. Wijono. |
| 250 | _aTjap-tjapan 1. | ||
| 260 |
_a[Sala] : _bP. Kondang, _c1966. |
||
| 300 |
_a50 p. ; _c14 cm. |
||
| 999 |
_c82323 _d82323 |
||